000
00287nam a22001217a 4500
082
_a
336.20973 HUB
100
_a
Hubbard, Joshua C.
245
_a
Creation of income by taxation
260
_a
London
_b
GreenWood
_c
1968
300
_a
xi, 239
_b
23cm.
500
_a
include index
942
_c
BK
999
_c
13418
_d
13418